000 00595nam a2200181Ia 4500
008 090123s9999 xx 000 0 und d
082 _b38664
100 _aचांदोरकर स्वाती
245 _aगोल गोल राणी
250 _a1
260 _bमेहता पब्लिशिंग हाऊस
_c2005
300 _a131
600 _aचांदोरकर स्वाती
630 _aगोल गोल राणी
700 _aचांदोरकर स्वाती
730 _aगोल गोल राणी
942 _cBOOK
999 _c76734
_d76734